[Event "TCh-AUT 2nd Mitte 2013-14"]
[Site "Fuerstenfeld AUT"]
[Date "2013.10.05"]
[Round "2.1"]
[White "Tratar,M"]
[Black "Nemeth,Mi1"]
[Result "0-1"]
[WhiteElo "2503"]
[BlackElo "2468"]

1.Nf3 d5 2.d4 Nf6 3.c4 e6 4.g3 Be7 5.Bg2 O-O 6.O-O dxc4 7.Qc2 b5 8.a4 b4
9.Nfd2 c6 10.Nxc4 Qxd4 11.Be3 Qg4 12.Ne5 Qh5 13.Bd4 Ng4 14.Nxg4 Qxg4 15.e3 Bb7
16.Nd2 Nd7 17.Nb3 a5 18.Rfc1 Rfc8 19.Nc5 Nxc5 20.Bxc5 Bf6 21.Rd1 Ba6 22.Bd4 Be7
23.Rac1 Rab8 24.Bc5 b3 25.Qe4 Qxe4 26.Bxe4 Bf6 27.Bd4 c5 28.Bxf6 gxf6 29.Rd6 Bb7
30.Bxb7 Rxb7 31.Ra6 c4 32.Rc3 Rc5 33.Kf1 Rb4  0-1

[Event "Chigorin Memorial"]
[Site "St Petersburg RUS"]
[Date "2013.10.05"]
[Round "1.26"]
[White "Jumabayev,R"]
[Black "Khadzhiev,Valery"]
[Result "1/2-1/2"]
[WhiteElo "2568"]
[BlackElo "2107"]

1.d4 d5 2.c4 e6 3.Nf3 Nf6 4.g3 Be7 5.Bg2 O-O 6.O-O Nbd7 7.Qc2 c5 8.Rd1 Qb6
9.cxd5 Nxd5 10.Nc3 Nxc3 11.bxc3 Qa6 12.Rb1 cxd4 13.cxd4 Nb6 14.Ng5 Bxg5 15.Bxg5 Bd7
16.Rdc1 Rfc8 17.Qb2 h6 18.Be7 Rxc1+ 19.Rxc1 Nd5 20.Bc5 b6 21.e4 Nf6 22.Be7 Ne8
23.d5 Rc8 24.Rxc8 Qxc8 25.Bf1 Qc7 26.Qd2 exd5 27.exd5 Qe5 28.Ba3 Nf6 29.Bg2 Ne4
30.Qe1 f5 31.d6 Qd4 32.Qe2 a6 33.h3 b5 34.g4 b4 35.Bb2 Qxd6 36.Bxe4 fxe4
37.Qc4+ Be6 38.Qxe4 Qd1+ 39.Kh2 Bd5 40.Qe3 Qh1+ 41.Kg3 Qg2+ 42.Kf4 Qh2+ 43.Qg3 Qxg3+
44.fxg3 Bxa2 45.g5 h5 46.g6 Bc4 47.Bd4  1/2-1/2

[Event "23rd EYCC Open U18 2013"]
[Site "Budva MNE"]
[Date "2013.10.06"]
[Round "7.8"]
[White "Korchmar,V"]
[Black "Lugovskoy,M"]
[Result "1-0"]
[WhiteElo "2323"]
[BlackElo "2408"]

1.d4 d5 2.c4 e6 3.Nf3 Nf6 4.g3 Be7 5.Bg2 O-O 6.O-O dxc4 7.Ne5 Nc6 8.Bxc6 bxc6
9.Nxc6 Qe8 10.Nxe7+ Qxe7 11.Qc2 c5 12.Qxc4 cxd4 13.Qxd4 e5 14.Qh4 Rb8 15.b3 Rd8
16.Bg5 Rd4 17.Bxf6 gxf6 18.Qh6 Bb7 19.Nd2 Rbd8 20.Nc4 Qe6 21.Ne3 Rd2 22.Rad1 Qc6
23.f3 Qb6 24.Rxd2 Rxd2 25.Kh1 f5 26.Qg5+ Qg6 27.Qe7 Rxe2 28.Qe8+ Kg7 29.Qxe5+ Kf8
30.Qb8+ Kg7 31.Qxb7 Rxe3 32.Qxa7 Rd3 33.Qf2 Qf6 34.Re1 Qc3 35.Kg2 h5 36.Re2 Qa5
37.Rb2 f4 38.gxf4 Rd6 39.h3 Qf5 40.Kh2 Kh7 41.Qh4 Rg6 42.Rg2 Rxg2+ 43.Kxg2 Qc2+
44.Qf2 Qc1 45.Kg3 Kg6 46.h4 Kf5 47.Kg2 f6 48.b4 Qxf4 49.Qc2+  1-0

[Event "23rd EYCC Open U16 2013"]
[Site "Budva MNE"]
[Date "2013.10.06"]
[Round "7.11"]
[White "Kobo,Ori"]
[Black "Snihur,P"]
[Result "1-0"]
[WhiteElo "2274"]
[BlackElo "2131"]

1.d4 Nf6 2.c4 e6 3.g3 d5 4.Nf3 Be7 5.Bg2 O-O 6.O-O dxc4 7.Qc2 a6 8.a4 Bd7
9.Qxc4 Bc6 10.Bf4 a5 11.Nc3 Na6 12.Ne5 Bxg2 13.Kxg2 c6 14.e4 Nb4 15.Rad1 Qb6
16.Rd2 Rfd8 17.Rfd1 Rac8 18.Qe2 h6 19.Qf3 Qa6 20.Be3 b5 21.Nxf7 Kxf7 22.e5 Nd5
23.exf6 Bxf6 24.Ne4 Qb7 25.g4 Qe7 26.h4 Nxe3+ 27.fxe3 Kg8 28.g5 hxg5 29.hxg5 Bxg5
30.Rh1 Rd5 31.Qh3 Bh6 32.Qg4 Kh7 33.Rf2 Rc7 34.Kf1 Rf5 35.Rxf5 exf5 36.Qxf5+ Kg8
37.Ke2 Qf7 38.Qxf7+ Kxf7 39.Rc1 bxa4 40.d5 Re7 41.Nd6+ Kf8 42.Nf5 Bxe3 43.Rxc6 Bd4+
44.Nxe7 Kxe7 45.Rc4 Bxb2 46.Rxa4 Bc3 47.Kd3 Bb4 48.Ra2 g5 49.Kd4 Kd7 50.Rh2 Bd6
51.Rh7+ Kd8 52.Ke4 g4 53.Kf5 g3 54.Ke6 Bc5 55.d6 Bd4 56.Rf7  1-0

[Event "23rd EYCC Open U18 2013"]
[Site "Budva MNE"]
[Date "2013.10.06"]
[Round "7.29"]
[White "Veinberg,N"]
[Black "Drnovsek,G"]
[Result "0-1"]
[WhiteElo "2147"]
[BlackElo "2207"]

1.d4 d5 2.c4 e6 3.Nf3 Nf6 4.g3 Be7 5.Bg2 O-O 6.O-O dxc4 7.Ne5 c5 8.dxc5 Qc7
9.Nxc4 Rd8 10.Qc2 Nc6 11.Nc3 Nd4 12.Qb1 Qxc5 13.Nd2 Nd5 14.Nde4 Qc4 15.e3 Ne2+
16.Nxe2 Qxe2 17.Nd2 Bd7 18.Nb3 Bf6 19.Bd2 Ba4 20.Re1 Qb5 21.Bf1 Qe8 22.Bg2 Bxb3
23.axb3 Qb5 24.e4 Nb6 25.Bc3 Bd4 26.e5 Qxb3 27.Bxb7 Rab8 28.Rxa7 Nc8 29.Bxc8 Bxa7
30.Ba6 Qb6 31.Bf1 Qxf2+ 32.Kh1 Qg1+  0-1

[Event "63rd ch-RUS w 2013"]
[Site "Nizhny Novgorod RUS"]
[Date "2013.10.06"]
[Round "2.1"]
[White "Goryachkina,A"]
[Black "Kovanova,B"]
[Result "1/2-1/2"]
[WhiteElo "2436"]
[BlackElo "2396"]

1.d4 Nf6 2.c4 e6 3.g3 d5 4.Bg2 Be7 5.Nf3 O-O 6.Qc2 dxc4 7.Qxc4 a6 8.Qc2 c5
9.dxc5 Qa5+ 10.Nbd2 Nc6 11.O-O Qxc5 12.Qxc5 Bxc5 13.a3 a5 14.Nc4 Nd5 15.Nce5 Nxe5
16.Nxe5 Bd4 17.Nc4 b6 18.Rd1 Bc5 19.e4 Nf6 20.Be3 Bxe3 21.Nxe3 Bb7 22.e5 Bxg2
23.Kxg2 Ne4 24.f3 Nc5 25.Rd6 b5 26.Rad1 a4 27.Nc2 h6 28.Nb4 Nb3 29.Rb6 Rab8
30.Rxb8 Rxb8 31.Nc6 Rb7 32.Kf2 Rc7 33.Rd6 Nd2 34.Rxd2 Rxc6 35.Ke3 Kh7 36.Kd3 Rc5
37.f4 Kg6 38.Rc2 Rd5+ 39.Ke4 f6 40.f5+ Kh7 41.exf6 Rxf5 42.fxg7  1/2-1/2

[Event "Chigorin Memorial"]
[Site "St Petersburg RUS"]
[Date "2013.10.07"]
[Round "3.82"]
[White "Doronkin,Grigory"]
[Black "Suleymanyants,O"]
[Result "1-0"]
[WhiteElo "1981"]
[BlackElo "2262"]

1.d4 d5 2.c4 e6 3.Nf3 Nf6 4.g3 Be7 5.Bg2 O-O 6.O-O c6 7.Nc3 Ne4 8.Qc2 f5
9.Bf4 Nd7 10.Rad1 Qa5 11.cxd5 exd5 12.Ne5 Nb6 13.Nxe4 fxe4 14.b3 Qb4 15.f3 exf3
16.Bxf3 Bf5 17.Qd2 a5 18.g4 Be4 19.Qe3 a4 20.Bxe4 dxe4 21.Qxe4 Nd5 22.Nd3 Qa3
23.Qe6+ Kh8 24.e4 Nxf4 25.Nxf4 Bg5 26.Nh5 Be3+ 27.Kh1 Bxd4 28.bxa4 Bf2 29.Qb3 Qe7
30.Qc2 Bd4 31.Ng3 Rxf1+ 32.Rxf1 g6 33.Qb3 Kg7 34.Rd1 Be5 35.Qc4 Rf8 36.Kg2 Qh4
37.Rd7+ Kh8 38.Qe6 Qg5 39.Qe7 Qxe7 40.Rxe7 Bd4 41.e5 Kg8 42.e6 Rf2+ 43.Kh3 Kf8
44.Rxh7 Rf6 45.Rxb7 Rxe6 46.Kg2 c5 47.Rc7 Re3 48.Rc6 Kf7 49.a5 Ra3 50.a6 Rxa2+
51.Kf3 Rf2+ 52.Ke4 Rxh2 53.Kd5 Ra2 54.Ne4 Bg1 55.Rc7+ Ke8 56.a7 Kd8 57.Rg7 Ra4
58.a8=Q+  1-0

[Event "Chigorin Memorial"]
[Site "St Petersburg RUS"]
[Date "2013.10.07"]
[Round "3.98"]
[White "Krasnikov,M"]
[Black "Khadzhiev,Valery"]
[Result "0-1"]
[WhiteElo "1846"]
[BlackElo "2107"]

1.d4 d5 2.c4 e6 3.Nf3 Nf6 4.g3 Be7 5.Bg2 O-O 6.O-O Nbd7 7.b3 c5 8.cxd5 Nxd5
9.e4 Nb4 10.a3 Nc6 11.d5 exd5 12.exd5 Nce5 13.Bb2 Bf6 14.Ra2 Nxf3+ 15.Bxf3 Ne5
16.Bg2 Bg4 17.f3 Bd7 18.Nd2 Bb5 19.Ne4 Bxf1 20.Bxf1 Nd7 21.Bxf6 Nxf6 22.Nxc5 Qe7
23.b4 Rad8 24.Bc4 Qe3+ 25.Kg2 b6 26.Nb3 b5 27.Qe2 Qxe2+ 28.Bxe2 Nxd5 29.Kf2 Nc3
30.Rc2 Nxe2 31.Kxe2 Rfe8+ 32.Kf2 Rd3 33.Na5 Rxa3 34.g4 g6 35.Nc6 Kg7 36.Rd2 Ree3
37.Nxa7 Rxf3+ 38.Kg2 Rf4 39.Nxb5 Rxg4+ 40.Kf2 Rh3 41.Rd7 Rxb4 42.Nd6 Rb2+
43.Kg1 Rf3 44.h4 h6 45.Rc7 Rd2 46.Ne8+ Kf8 47.Rc8 Ra3 48.Nf6+ Ke7 49.Ng8+ Kd7
50.Rc1 Rg3+ 51.Kf1 Rh3 52.Ke1 Rg2 53.Kf1 Rh1+ 54.Kxg2 Rxc1 55.Nxh6 Ke6 56.Kf3 f5
57.Kf4 Rf1+ 58.Kg5 Rg1+ 59.Kf4 Kf6 60.Ng8+ Kf7  0-1

[Event "Chigorin Memorial"]
[Site "St Petersburg RUS"]
[Date "2013.10.08"]
[Round "4.72"]
[White "Ageichenko,G"]
[Black "Kantyshev,N"]
[Result "1-0"]
[WhiteElo "2296"]
[BlackElo "1979"]

1.d4 d5 2.c4 e6 3.Nf3 Be7 4.g3 Nf6 5.Bg2 O-O 6.O-O b6 7.Bf4 Bb7 8.Qc2 dxc4
9.Qxc4 Nd5 10.Bc1 Nd7 11.Rd1 Rc8 12.e4 N5f6 13.d5 exd5 14.exd5 Bd6 15.Nc3 c6
16.dxc6 Bxc6 17.Qh4 Qc7 18.Bg5 Bc5 19.Qh3 Bxf3 20.Bxf3 Ne5 21.Be2 Qc6 22.Qf5 Qe6
23.Qxe6 fxe6 24.Bxf6 Rxf6 25.Ne4 Rff8 26.Rac1 Be7 27.f4 Ng6 28.Bc4 Rc6 29.Bb3 Bc5+
30.Kg2 h6 31.Ba4 Rcc8 32.Bd7 Rb8 33.Bxe6+ Kh8 34.Bb3 Rf5 35.Be6 Rxf4 36.gxf4 Nxf4+
37.Kf3 Nxe6 38.Nxc5 bxc5 39.b3 Nd4+ 40.Ke4 Re8+ 41.Kd3 Re5 42.b4 Ne6 43.bxc5 Nf4+
44.Kc4 Rh5 45.Rc2 Ne6 46.Kb5 a6+ 47.Kb6 a5 48.Rd6 Ng5 49.c6 Nf7 50.Re6  1-0

[Event "Chigorin Memorial"]
[Site "St Petersburg RUS"]
[Date "2013.10.09"]
[Round "5.94"]
[White "Trapeznikova,D"]
[Black "Tskhadadze,A"]
[Result "1-0"]
[WhiteElo "2048"]
[BlackElo "1806"]

1.d4 d5 2.c4 e6 3.Nf3 Be7 4.g3 Nf6 5.Bg2 O-O 6.O-O c6 7.Nc3 Nbd7 8.Qd3 Re8
9.e4 dxe4 10.Nxe4 Nxe4 11.Qxe4 Nf6 12.Qc2 Qc7 13.Bf4 Bd6 14.Be5 Bxe5 15.dxe5 Nd7
16.Rfe1 b6 17.Ng5 Nf8 18.f4 Ng6 19.Ne4 Ne7 20.Nd6 Rd8 21.Be4 h6 22.Rad1 Bd7
23.b4 a5 24.a3 axb4 25.axb4 Ra7 26.Ra1 Nc8 27.Nxc8 Rxc8 28.Rxa7 Qxa7 29.Rd1 Be8
30.Qb2 Qe7 31.Rd6 Qa7 32.Kg2 Qc7 33.Qa3 Qb8 34.Qf3 Qc7 35.f5 exf5 36.Qxf5 g6
37.Qf6 Qa7 38.Bxc6 Qa2+ 39.Kh3 Bxc6 40.Rxc6 Rxc6 41.Qxc6 Qf2 42.Qf6 Qd4 43.Qf4 Qd7+
44.Kg2 Qc6+ 45.Kg1 Qa4 46.Qd2 Qa1+ 47.Kg2 Qxe5 48.Qd8+ Kh7 49.Qxb6 Qe4+ 50.Kg1 Qxc4
51.Qc5 Qe4 52.b5 Qe1+ 53.Kg2 Qe4+ 54.Kf2 Qh1 55.h4 Qh2+ 56.Kf3 Qh1+ 57.Kf4 Qf1+
58.Ke5 Qe1+ 59.Kd6 Qxg3+ 60.Kc6 Qf3+ 61.Qd5 Qf6+ 62.Kc7 Qe7+ 63.Qd7 Qe5+
64.Kd8 Kg7 65.Qc6 Qb8+ 66.Kd7 Qa7+ 67.Kc8 g5 68.hxg5 hxg5 69.b6 Qa6+ 70.Kb8 g4
71.Qc3+ Kg6 72.b7 Qd6+ 73.Kc8 Qe6+ 74.Kc7 Qe7+ 75.Kb6 Qd8+ 76.Ka7 Qd7 77.Qc4 g3
78.Ka8  1-0

[Event "Chigorin Memorial"]
[Site "St Petersburg RUS"]
[Date "2013.10.10"]
[Round "6.77"]
[White "Doronkin,Grigory"]
[Black "Pershin,Denis"]
[Result "1-0"]
[WhiteElo "1981"]
[BlackElo "2190"]

1.d4 Nf6 2.c4 e6 3.g3 Be7 4.Bg2 d5 5.Nf3 O-O 6.O-O b6 7.Nc3 Bb7 8.cxd5 exd5
9.Bf4 Na6 10.Rc1 c5 11.Ne5 Nc7 12.dxc5 bxc5 13.Qa4 Ne6 14.Rfd1 Nxf4 15.gxf4 Qd6
16.e3 Rfd8 17.Nc4 Qe6 18.Na5 Rab8 19.Nxb7 Rxb7 20.Rd2 Rbd7 21.Rcd1 Qf5 22.Qb5 d4
23.exd4 Qxf4 24.d5 Bd6 25.h3 Qh2+ 26.Kf1 Nh5 27.Qd3 Re7 28.Qf3 Re5 29.Re2 g6
30.Rxe5 Bxe5 31.Ne4 Bd4 32.Ng5 Nf4 33.Qg3 Qxg2+ 34.Qxg2 Nxg2 35.Kxg2 Rxd5
36.Nf3 Kg7 37.b3 Kf6 38.Rd2 Ke6 39.Re2+ Kd7 40.Nd2 Rg5+ 41.Kf3 Rg1 42.Nc4 f6
43.Rd2 h5 44.Ne3 Ke6 45.Nc4 g5 46.Re2+ Kd7 47.Rd2 g4+ 48.hxg4 h4 49.Ke4 h3
50.f4 Rg2 51.Kf3 Rxd2 52.Nxd2 h2 53.Kg2 Be3 54.Nf3 Bxf4 55.Nxh2 Ke6 56.Nf3 Kd5
57.Ne1 Kd4 58.Kf3 Bd6 59.Ng2 Kc3 60.Ke4 Be5 61.g5 fxg5 62.Kxe5 Kb2 63.Kd5 Kxa2
64.Kc4 Kb2 65.Ne3 a5 66.Ng4 Kc2 67.Nf2 Kb2 68.Nd3+ Ka2 69.Nxc5 g4 70.Ne4 a4
71.b4 Kb2 72.b5 a3 73.b6 a2 74.b7 a1=Q 75.b8=Q+ Kc2 76.Qh2+ Kb1 77.Nc3+ Kc1
78.Qg1+ Kb2 79.Qf2+ Kc1 80.Qe1+ Kb2 81.Qd2+ Ka3 82.Nb5+ Ka4 83.Qb4+  1-0

[Event "Chigorin Memorial"]
[Site "St Petersburg RUS"]
[Date "2013.10.11"]
[Round "7.106"]
[White "Petrochenko,Maria"]
[Black "Kiseleva,A"]
[Result "0-1"]
[WhiteElo "1759"]
[BlackElo "1992"]

1.d4 Nf6 2.c4 e6 3.Nf3 d5 4.g3 Be7 5.Bg2 O-O 6.O-O dxc4 7.Ne5 c5 8.dxc5 Bxc5
9.Qc2 Nbd7 10.Nxc4 Qc7 11.Nbd2 Rb8 12.Nf3 e5 13.Bg5 b5 14.Bxf6 Nxf6 15.Ne3 Qb6
16.Nd1 e4 17.Ng5 e3 18.f3 h6 19.Ne4 Nxe4 20.Qxe4 Bb7 21.Qc2 Rbc8 22.Nc3 Rfd8
23.Rfd1 Bd4 24.Qb3 b4 25.Na4 Qb5 26.Bf1 Bc6 27.Rac1 Qa5 28.Rxd4 Rxd4 29.Qxe3 Rdd8
30.Nc5 Qxa2 31.b3 Bb5 32.Qf2 Qb2 33.Re1 Qd4 34.Ne4 Qxf2+ 35.Nxf2 a5 36.Ra1 Ra8
37.Ne4 f5 38.Nc5 Rd5 39.Na4 Rd2 40.Kf2 Re8 41.Ke1 Rc2 42.Kd1 Rc6 43.Nb2 Rce6
44.Rxa5 Bxe2+ 45.Bxe2 Rxe2 46.Nd3 Rxh2 47.Nxb4 Re3 48.Rxf5 Rxb3  0-1

[Event "3rd Central Asia Cup"]
[Site "Dushanbe TJK"]
[Date "2013.10.12"]
[Round "1.4"]
[White "Kotsur,P"]
[Black "Tokhirjanova,H"]
[Result "1-0"]
[WhiteElo "2559"]
[BlackElo "2135"]

1.Nf3 d5 2.d4 e6 3.c4 Be7 4.g3 Nf6 5.Bg2 dxc4 6.Qa4+ Bd7 7.Qxc4 Bc6 8.O-O a6
9.Bg5 O-O 10.Rd1 Bd5 11.Qd3 Be4 12.Qe3 Nbd7 13.Nc3 Bc6 14.Qd3 b5 15.e4 b4
16.Bxf6 Nxf6 17.Ne5 Be8 18.Ne2 Bb5 19.Qe3 Nd7 20.Nd3 Rc8 21.Rac1 Qe8 22.Nef4 a5
23.h4 c6 24.b3 Bd8 25.e5 Bb6 26.Nc5 Bxc5 27.dxc5 Nb8 28.Rd6 Na6 29.Ne2 Bxe2
30.Qxe2 Nb8 31.a3 Qe7 32.axb4 axb4 33.Rc4 Qa7 34.Kh2 Rc7 35.Qe3 Qa3 36.h5 Ra7
37.h6 g6 38.Qf4 f5 39.exf6 Qxb3 40.Bh3 Qb2 41.Bxe6+ Kh8 42.Rxb4  1-0

[Event "TCh-FIN SM 2013-14"]
[Site "Oulu FIN"]
[Date "2013.10.12"]
[Round "3.1"]
[White "Nyback,T"]
[Black "Kiuttu,R"]
[Result "1-0"]
[WhiteElo "2599"]
[BlackElo "2332"]

1.d4 d5 2.c4 e6 3.Nf3 Nf6 4.g3 Be7 5.Bg2 O-O 6.O-O dxc4 7.Qc2 a6 8.Qxc4 b5
9.Qc2 Bb7 10.Bd2 Be4 11.Qc1 Bb7 12.Bf4 Nd5 13.Nc3 Nxf4 14.Qxf4 c5 15.dxc5 Bxc5
16.Rfd1 Qb6 17.Ne5 Bxg2 18.Kxg2 f6 19.Nd3 Be7 20.Qe4 Qc6 21.Nf4 Qxe4+ 22.Nxe4 Kf7
23.Rac1 Ra7 24.Nc5 Bxc5 25.Rxc5 Re8 26.Rdc1 Rd8 27.Rc7+ Rxc7 28.Rxc7+ Rd7
29.Rc8 Rb7 30.Nd3 Ke7 31.Nc5 Rb6 32.b4 Nd7 33.Rc7 Rd6 34.Ra7 Rd2 35.a3 e5
36.Kf3 f5 37.Ke3 Rd6 38.Nxa6 Kf8 39.Nc7 Nb6 40.Nxb5 Nc4+ 41.Kf3 Rd2 42.Rc7 e4+
43.Kf4 Nb2 44.Nc3  1-0

[Event "Chinese Teams 2013"]
[Site "Qingdao CHN"]
[Date "2013.10.12"]
[Round "13.2"]
[White "Chu Wei Chao"]
[Black "Xiu Deshun"]
[Result "1/2-1/2"]
[WhiteElo "2270"]
[BlackElo "2566"]

1.d4 Nf6 2.c4 e6 3.Nf3 d5 4.g3 Be7 5.Bg2 O-O 6.O-O dxc4 7.Qc2 a6 8.Qxc4 b5
9.Qc2 Bb7 10.Bg5 Nbd7 11.Nbd2 Rc8 12.Nb3 Be4 13.Qc1 c5 14.Bxf6 Bxf6 15.dxc5 Qe7
16.Qf4 Ba8 17.Rad1 Nxc5 18.Nxc5 Rxc5 19.Qd2 Rfc8 20.Rc1 Bd5 21.Rxc5 Qxc5
22.b3 Qc2 23.Rd1 h6 24.e3 b4 25.Qxc2 Rxc2 26.Nd4 Rxa2 27.Bxd5 exd5 28.Nc6 a5
29.Kg2 a4 30.bxa4 b3 31.Rb1 b2 32.Nd4 Bxd4 33.exd4 Rxa4 34.Rxb2 Rxd4 35.Kf3 g5
36.Rb6 Kg7 37.Rd6 g4+ 38.Kg2 Rd1 39.h3 h5 40.hxg4 hxg4 41.f4 Rd2+ 42.Kf1 Kf8
43.Rd8+ Kg7 44.Ke1 Rd3 45.Kf2 f6 46.Re8 Kg6 47.Re3 Rxe3 48.Kxe3 Kf5 49.Kd4 Ke6
50.Kc5 f5 51.Kb4 Kd6 52.Kb5 Kd7 53.Kc5 Ke6 54.Kb4 Kd6 55.Kb5 d4 56.Kc4 d3
57.Kxd3 Kd5 58.Ke3 Kc5 59.Kd3 Kd5 60.Ke3 Kc4 61.Ke2 Kc3 62.Ke3 Kc4 63.Ke2 Kd4
64.Kd2 Kc4  1/2-1/2

[Event "Chigorin Memorial"]
[Site "St Petersburg RUS"]
[Date "2013.10.12"]
[Round "8.123"]
[White "Elizarova,T"]
[Black "Blank,David"]
[Result "1/2-1/2"]
[WhiteElo "1715"]
[BlackElo "1818"]

1.d4 d5 2.c4 e6 3.Nf3 Nf6 4.g3 Be7 5.Bg2 O-O 6.Qc2 Nc6 7.O-O Nb4 8.Qb3 b6
9.a3 Nc6 10.cxd5 Qxd5 11.Qxd5 Nxd5 12.Nc3 Nxc3 13.bxc3 Na5 14.Ne5 Bb7 15.Bxb7 Nxb7
16.Bf4 c5 17.Rad1 cxd4 18.cxd4 Rac8 19.Bd2 Bd6 20.Bb4 Rfd8 21.Bxd6 Nxd6 22.Rc1 f6
23.Nf3 Nb5 24.Rxc8 Rxc8 25.Ra1 Rc4 26.a4 Nxd4 27.Nxd4 Rxd4 28.a5 b5 29.Rc1 Rc4
30.Rd1 Rc7 31.Rd8+ Kf7 32.Rb8 a6 33.Rb6 Ra7 34.Kg2 Ke7 35.Kf3 Kd7 36.Ke4 Kd8
37.e3 e5 38.h4 Kc7 39.Kd5 Rb7 40.Rxa6 b4 41.Rc6+ Kd7 42.Rd6+ Kc7 43.Rc6+ Kd7
44.Rd6+  1/2-1/2

[Event "TCh-Belgrade Premier liga 2013"]
[Site "Belgrade SRB"]
[Date "2013.10.13"]
[Round "2.2"]
[White "Ilincic,Z"]
[Black "Jovic,A"]
[Result "1-0"]
[WhiteElo "2412"]
[BlackElo "2388"]

1.d4 e6 2.c4 Nf6 3.g3 Be7 4.Bg2 d5 5.Nf3 O-O 6.O-O dxc4 7.Qc2 b5 8.Bg5 Nc6
9.Bxf6 Bxf6 10.a4 Rb8 11.axb5 Nxd4 12.Nxd4 Qxd4 13.Nc3 Qc5 14.Ne4 Qxb5 15.Nxf6+ gxf6
16.Rxa7 Ba6 17.Ra1 Rb6 18.Qc3 Bc8 19.Qxf6 e5 20.Qg5+ Kh8 21.Qe7 Kg8 22.Be4 h6
23.Qxc7 Bh3 24.Rb1 c3 25.Qxc3 Qxe2 26.Bd5 Rf6 27.Qe1 Qc2 28.Be4 Qc5 29.Ra5 Qc7
30.Rxe5 Rb8 31.b4 Qd6 32.b5 Kg7 33.Bc6 Qd4 34.Rd1 Qb2 35.Re2 Qa3 36.Re3 Qc5
37.Qc3 Qxc3 38.Rxc3 Re6 39.Bd7 Rd8 40.Rcd3 Bf5 41.Bxe6 Rxd3 42.Rxd3 Bxd3
43.b6  1-0

[Event "Bundesliga 2013-14"]
[Site "Berlin GER"]
[Date "2013.10.13"]
[Round "2"]
[White "Wells,P"]
[Black "Stern,R"]
[Result "0-1"]
[WhiteElo "2487"]
[BlackElo "2513"]

1.d4 d5 2.c4 e6 3.Nf3 Nf6 4.g3 Be7 5.Bg2 O-O 6.O-O dxc4 7.Qc2 a6 8.a4 Bd7
9.Qxc4 Bc6 10.Bg5 h6 11.Bxf6 Bxf6 12.Nc3 Bxf3 13.Bxf3 c6 14.Qb3 Qc7 15.e3 a5
16.Rac1 Qe7 17.Be2 Qb4 18.Qxb4 axb4 19.Ne4 Rxa4 20.Ra1 Rxa1 21.Rxa1 Nd7 22.Ra7 Rb8
23.Ba6 bxa6 24.Rxd7 e5 25.dxe5 Bxe5 26.b3 Rb5 27.Ra7 a5 28.Ra6 f5 29.Nd2 Rc5
30.Kf1 Bc3 31.Nb1 Kf7 32.Ke2 Ke6 33.h4 g5 34.Ra7 gxh4 35.gxh4 Kf6 36.Kd1 Kg6
37.Nxc3 Rxc3 38.Rxa5 Rxb3 39.h5+ Kg5 40.e4 Rf3 41.Ke2 Rf4 42.f3 b3 43.Ra6 fxe4  0-1

[Event "Indonesia Open 2013"]
[Site "Jakarta INA"]
[Date "2013.10.13"]
[Round "5.13"]
[White "Nguyen Ngoc Truong Son"]
[Black "Juswanto,D"]
[Result "1-0"]
[WhiteElo "2629"]
[BlackElo "2417"]

1.d4 Nf6 2.c4 e6 3.g3 d5 4.Bg2 Be7 5.Nf3 O-O 6.O-O c6 7.Qc2 b6 8.Nbd2 Ba6
9.Rd1 Nbd7 10.b3 b5 11.Bb2 bxc4 12.bxc4 Rb8 13.Rab1 Qa5 14.Bc3 Qc7 15.Qa4 Rxb1
16.Rxb1 Qc8 17.c5 Ne4 18.Nxe4 dxe4 19.Ne5 Nxe5 20.dxe5 e3 21.Bd4 exf2+ 22.Bxf2 Bb5
23.Qxa7 Qd8 24.Bf3 Bg5 25.h4 Bh6 26.a4 Bc4 27.Qb6 Qd2 28.Qb2 Qa5 29.Qc2 Ba6
30.Bxc6 g5 31.hxg5 Bxg5 32.Bf3 Rd8 33.c6 Qxe5 34.Qc5 Qxc5 35.Bxc5 Rd2 36.Rb6 Rc2
37.Bd4 e5 38.Rb8+ Kg7 39.Bxe5+ f6 40.Bd4 Rc4 41.Bf2 Bc8  1-0

[Event "66th ch-RUS 2013"]
[Site "Nizhny Novgorod RUS"]
[Date "2013.10.13"]
[Round "8.2"]
[White "Kramnik,V"]
[Black "Karjakin,Sergey"]
[Result "1/2-1/2"]
[WhiteElo "2796"]
[BlackElo "2762"]

1.d4 Nf6 2.c4 e6 3.g3 d5 4.Bg2 Be7 5.Nf3 O-O 6.Nc3 Nbd7 7.b3 c6 8.O-O b6
9.Bb2 Ba6 10.Nd2 Rc8 11.e4 dxe4 12.Re1 c5 13.Ndxe4 cxd4 14.Qxd4 Nc5 15.Qe3 Qc7
16.Nxc5 Bxc5 17.Qf3 Rfd8 18.Ne2 Qe7 19.Rad1 Rxd1 20.Rxd1 Rd8 21.Rxd8+ Qxd8
22.Nd4 h5 23.Qa8 Bc8 24.Bf3 Kh7 25.Ne2 Ng4 26.Bd4 Bxd4 27.Qe4+ f5 28.Qxd4 Qe7
29.Nf4 e5 30.Nd5 Qd6 31.Qd2 g6 32.b4 Kg7 33.Qc1 Nf6 34.c5 bxc5 35.bxc5 Qc6
36.Qc3 e4 37.Nb4 Qe6 38.Be2 a5 39.Nc2 Qxa2 40.c6 Qb1+ 41.Kg2 h4 42.Qc5 f4
43.Qe7+ Kh6 44.Qf8+ Kh7 45.Qf7+ Kh6 46.Qf8+ Kh7 47.Qf7+ Kh6 48.Qf8+  1/2-1/2

[Event "Chinese Teams 2013"]
[Site "Qingdao CHN"]
[Date "2013.10.13"]
[Round "14.4"]
[White "Ju Wenjun"]
[Black "Tan Zhongyi"]
[Result "1/2-1/2"]
[WhiteElo "2535"]
[BlackElo "2490"]

1.d4 d5 2.c4 e6 3.Nf3 Nf6 4.g3 Be7 5.Bg2 O-O 6.b3 b6 7.O-O Bb7 8.Bb2 dxc4
9.bxc4 c5 10.e3 Qc7 11.Qe2 Nc6 12.Nbd2 Rfd8 13.Rfd1 a5 14.Nb1 cxd4 15.exd4 a4
16.Na3 Na5 17.Rac1 Bxa3 18.Bxa3 Rac8 19.c5 bxc5 20.Rxc5 Qb6 21.Qb5 Qxb5 22.Rxb5 Nc4
23.Be7 Rd7 24.Ne5 Rxe7 25.Rxb7 Rxb7 26.Bxb7 Nb2 27.Rd2 Rc1+ 28.Kg2 Nc4 29.Nxc4 Rxc4
30.d5 exd5  1/2-1/2

[Event "TCh-Belgrade Premier liga 2013"]
[Site "Belgrade SRB"]
[Date "2013.10.15"]
[Round "4.3"]
[White "Ilincic,Z"]
[Black "Stamenkovic,A"]
[Result "1-0"]
[WhiteElo "2412"]
[BlackElo "2318"]

1.d4 Nf6 2.c4 e6 3.g3 d5 4.Bg2 Be7 5.Nf3 O-O 6.Qc2 dxc4 7.Qxc4 a6 8.Bg5 b5
9.Qc2 Bb7 10.Nbd2 Nc6 11.Nb3 e5 12.dxe5 Nxe5 13.O-O Nxf3+ 14.exf3 Nd5 15.Bxe7 Qxe7
16.Na5 c6 17.Rac1 Rac8 18.Bh3 Ra8 19.a3 Qc7 20.Nxb7 Qxb7 21.Qxc6 Qxc6 22.Rxc6 Ne7
23.Rc5 Rfd8 24.Re1 Ra7 25.f4 g6 26.f5 Nxf5 27.Bxf5 gxf5 28.Rxf5 Rd2 29.b4 Kg7
30.Re3 h6 31.Kg2 Rad7 32.Ref3 R2d5 33.Rxd5 Rxd5 34.Rc3 Rd6 35.Kf3 Kf6 36.Ke4 Ke6
37.g4 f6 38.h4 a5 39.Rc5 axb4 40.axb4 Rd2 41.f3 Re2+ 42.Kf4 Rd2 43.Ke3 Rb2
44.Rxb5 Rc2 45.Rb6+ Ke5 46.f4+ Kd5 47.Rxf6 Rc3+ 48.Kd2 Rb3 49.g5 hxg5 50.hxg5 Kd4
51.Kc2 Rg3 52.g6 Kc4 53.Kd2 Kd4 54.Ke2 Ke4 55.Kf2 Rb3 56.g7 Rb2+ 57.Kg3 Rb1
58.Rf7 Rb3+ 59.Kh4 Rb1 60.Kg5 Rg1+ 61.Kh6 Rh1+ 62.Kg6 Rg1+ 63.Kh7 Rh1+ 64.Kg8 Kd5
65.Kf8  1-0

[Event "SPICE Cup Open 2013"]
[Site "St Louis USA"]
[Date "2013.10.18"]
[Round "6.8"]
[White "Boros,De"]
[Black "Adamson,R"]
[Result "1-0"]
[WhiteElo "2493"]
[BlackElo "2278"]

1.Nf3 Nf6 2.c4 e6 3.g3 d5 4.d4 Be7 5.Bg2 O-O 6.O-O dxc4 7.Ne5 Nc6 8.Nxc6 bxc6
9.e3 Ba6 10.Nc3 Rb8 11.Bxc6 Qd6 12.Qa4 Rb6 13.Bf3 Rb4 14.Qc2 Rfb8 15.Rd1 Bb7
16.e4 Qb6 17.Qe2 Ba6 18.Rb1 Qa5 19.Bf4 Nd7 20.Bg4 Bd6 21.Bxd6 cxd6 22.d5 Nf6
23.dxe6 Qe5 24.Nd5 Nxd5 25.Rxd5 Qf6 26.Rxd6 c3 27.Qxa6 Rxb2 28.exf7+ Qxf7
29.Be6 Rxb1+ 30.Kg2 c2 31.Bxf7+ Kf8 32.Rc6  1-0

[Event "Aurora Fall Open 2013"]
[Site "Aurora CAN"]
[Date "2013.10.20"]
[Round "4.7"]
[White "Cormier,Adam"]
[Black "Zotkin,Daniel"]
[Result "1-0"]
[WhiteElo "2009"]
[BlackElo "1768"]

1.d4 d5 2.c4 e6 3.Nf3 Nf6 4.g3 Be7 5.Bg2 O-O 6.O-O Nbd7 7.Nbd2 c6 8.Qc2 b6
9.e4 dxe4 10.Nxe4 Nxe4 11.Qxe4 Ba6 12.b3 Rc8 13.Rd1 Bf6 14.Ba3 Be7 15.Bb2 Qc7
16.Rac1 Bb7 17.d5 Nf6 18.Qb1 exd5 19.cxd5 c5 20.Be5 Bd6 21.Bxf6 gxf6 22.Qf5 Qd8
23.Rc4 Re8 24.Rg4+ Kf8 25.Qxh7 Be5 26.Rg7 Rc7 27.Nxe5 fxe5 28.Qg8+ Ke7 29.Rxf7+ Kd6
30.Qg6+  1-0

[Event "17th Unive Open 2013"]
[Site "Hoogeveen NED"]
[Date "2013.10.20"]
[Round "3.25"]
[White "Clemens,A"]
[Black "Klomp,R"]
[Result "0-1"]
[WhiteElo "2206"]
[BlackElo "2105"]

1.d4 d5 2.c4 e6 3.Nf3 Be7 4.g3 Nf6 5.Bg2 O-O 6.O-O b6 7.cxd5 exd5 8.Nc3 Bb7
9.Bf4 Nbd7 10.Nb5 Ne8 11.Rc1 c6 12.Nc3 Nd6 13.Qd3 Re8 14.Rfe1 Ne4 15.Nd2 Nxd2
16.Bxd2 Nf6 17.Bg5 h6 18.Bxf6 Bxf6 19.b4 Rc8 20.e3 c5 21.bxc5 bxc5 22.dxc5 Rxc5
23.Ne4 Rxc1 24.Nxf6+ Qxf6 25.Rxc1 Rd8 26.h4 Qb6 27.Rb1 Qa6 28.Qd4 Bc6 29.Rb2 Qa5
30.Rd2 Rd7 31.Bf3 Qa3 32.Rb2 Qd6 33.Kf1 Rd8 34.Qb4 Qf6 35.Kg2 d4 36.Bxc6 Qxc6+
37.Kh2 dxe3 38.fxe3 Rd1 39.Rg2 Qc1 40.Rf2 Qxe3 41.Qf4 Qxf4 42.gxf4 Rd3 43.Rc2 Ra3
44.h5 Ra5 45.Kg3 Rxh5 46.a4 Ra5 47.Rc4 g6 48.Kg4 Kg7 49.Rd4 Kf6 50.Rd6+ Ke7
51.Rd4 Ke6 52.Re4+ Kf6 53.Rd4 h5+ 54.Kf3 Kf5 55.Rc4 f6 56.Rb4 g5 57.Kg3 Rc5
58.fxg5 fxg5 59.Rb7 h4+ 60.Kg2 a5 61.Rb8 Kg4 62.Rb5 Rc2+ 63.Kg1 Kf4 64.Rxa5 g4
65.Rb5 g3 66.Rb4+ Kf3 67.Rb3+ Kg4 68.Rb4+ Kh3 69.Rb1 Ra2 70.a5 Rxa5 71.Rc1 Ra2
72.Rb1 Ra4 73.Rc1 Kg4 74.Rb1 h3 75.Kh1 h2 76.Kg2 Ra2+ 77.Kh1 Kh3 78.Rb2 Ra1+
79.Rb1 g2+  0-1

[Event "29th ECC Open 2013"]
[Site "Rhodes GRE"]
[Date "2013.10.20"]
[Round "1.4"]
[White "Sjugirov,S"]
[Black "Boel,M"]
[Result "1-0"]
[WhiteElo "2635"]
[BlackElo "2231"]

1.d4 Nf6 2.c4 e6 3.g3 d5 4.Nf3 Be7 5.Bg2 O-O 6.O-O dxc4 7.Qc2 a6 8.a4 Bd7
9.Rd1 Bc6 10.Nc3 Bxf3 11.Bxf3 Nc6 12.Bxc6 bxc6 13.Bg5 Rb8 14.e3 Qe8 15.Bxf6 Bxf6
16.Ne4 Rb4 17.Rac1 Be7 18.Qe2 c5 19.a5 Qb5 20.d5 e5 21.Rc2 f5 22.Nd2 c3 23.Qxb5 Rxb5
24.bxc3 Bd6 25.Nc4 Rfb8 26.Rcc1 Rb3 27.e4 g6 28.Kg2 Re8 29.Re1 Kf7 30.Re3 f4
31.Ree1 Kf6 32.h4 fxg3 33.Kxg3 Rb5 34.h5 gxh5 35.Rh1 Rg8+ 36.Kf3 Rg5 37.Rh3 Kg6
38.Ke2 Rb8 39.Rch1 Rb5 40.Kd3 Rb8 41.Nd2 Rf8 42.Nf3 Rg4 43.Nh4+ Kg5 44.f3 Rxh4
45.Rxh4 Rxf3+ 46.Kc4 Rf4 47.Rxh5+ Kg6 48.Rh6+ Kg5 49.R1h5+ Kg4 50.Rh4+ Kg3
51.Rh3+ Kf2 52.Kd3 c4+ 53.Kxc4 Rxe4+ 54.Kd3 Ra4 55.Rf6+ Kg2 56.Rxh7 e4+ 57.Ke2 Ra2+
58.Ke3 Rc2 59.Rg7+ Bg3 60.Rc6  1-0